FACTORY PHYSICS (Registro nro. 234823)
[ vista simple ]
| 000 -LEADER | |
|---|---|
| campo de control de longitud fija | 00802nam a2200313Ia 4500 |
| 003 - IDENTIFICADOR DE NÚMERO DE CONTROL | |
| campo de control | EC-GqESP |
| 005 - FECHA Y HORA DE LA ÚLTIMA TRANSACCIÓN | |
| campo de control | 20251114093718.0 |
| 008 - DATOS DE LONGITUD FIJA--INFORMACIÓN GENERAL | |
| campo de control de longitud fija | 250425s9999 xx 000 0 und d |
| 010 ## - NÚMERO DE CONTROL DE LA BIBLIOTECA DEL CONGRESO | |
| Número de control de LC | 100682 |
| 020 ## - NÚMERO INTERNACIONAL ESTÁNDAR DEL LIBRO | |
| Número Internacional Estándar del Libro | 9781577667391 |
| 041 ## - CÓDIGO DE IDIOMA | |
| Código de lengua del texto/banda sonora o título independiente | eng |
| 082 ## - NÚMERO DE LA CLASIFICACIÓN DECIMAL DEWEY | |
| Número de clasificación | 658.5 |
| Iniciales del Autor | HOP |
| 100 ## - ENTRADA PRINCIPAL--NOMBRE DE PERSONA | |
| Nombre de persona | HOPP, WALLACE J |
| 245 #0 - MENCIÓN DEL TÍTULO | |
| Título | FACTORY PHYSICS |
| 250 ## - MENCION DE EDICION | |
| Mención de edición | 3RD ED. |
| 260 ## - PUBLICACIÓN, DISTRIBUCIÓN, ETC. | |
| Lugar de publicación, distribución, etc. | Estados Unidos |
| Nombre del editor, distribuidor, etc. | WAVELAND |
| Fecha de publicación, distribución, etc. | 2008 |
| 260 ## - PUBLICACIÓN, DISTRIBUCIÓN, ETC. | |
| Lugar de publicación, distribución, etc. | LONG GROVE |
| 300 ## - DESCRIPCIÓN FÍSICA | |
| Extensión | 719 |
| 650 ## - PUNTO DE ACCESO ADICIONAL DE MATERIA--TÉRMINO DE MATERIA | |
| Término de materia o nombre geográfico como elemento de entrada | GESTION DE FABRICAS |
| 650 ## - PUNTO DE ACCESO ADICIONAL DE MATERIA--TÉRMINO DE MATERIA | |
| Término de materia o nombre geográfico como elemento de entrada | GESTION DE FABRICAS |
| 650 ## - PUNTO DE ACCESO ADICIONAL DE MATERIA--TÉRMINO DE MATERIA | |
| Término de materia o nombre geográfico como elemento de entrada | GESTION DE FABRICAS |
| 650 ## - PUNTO DE ACCESO ADICIONAL DE MATERIA--TÉRMINO DE MATERIA | |
| Término de materia o nombre geográfico como elemento de entrada | GESTION DE FABRICAS |
| 650 ## - PUNTO DE ACCESO ADICIONAL DE MATERIA--TÉRMINO DE MATERIA | |
| Término de materia o nombre geográfico como elemento de entrada | GESTION DE LA PRODUCCION |
| 650 ## - PUNTO DE ACCESO ADICIONAL DE MATERIA--TÉRMINO DE MATERIA | |
| Término de materia o nombre geográfico como elemento de entrada | GESTION DE LA PRODUCCION |
| 650 ## - PUNTO DE ACCESO ADICIONAL DE MATERIA--TÉRMINO DE MATERIA | |
| Término de materia o nombre geográfico como elemento de entrada | GESTION DE LA PRODUCCION |
| 650 ## - PUNTO DE ACCESO ADICIONAL DE MATERIA--TÉRMINO DE MATERIA | |
| Término de materia o nombre geográfico como elemento de entrada | GESTION DE LA PRODUCCION |
| 700 ## - ENTRADA AGREGADA--NOMBRE PERSONAL | |
| Nombre de persona | SPEARMAN, MARK L |
| 942 ## - ELEMENTOS DE ENTRADA SECUNDARIOS (KOHA) | |
| Tipo de ítem Koha | Libros |
| Estatus retirado | Estado de pérdida | Estado de daño | No para préstamo | Biblioteca de origen | Biblioteca actual | Ubicación en estantería | Fecha de adquisición | Coste, precio normal de compra | Etiqueta RFID | Total de préstamos | Código de barras | Copia número | Tipo de ítem Koha | Nota pública | Fuente de la clasificación o esquema de estantería | Signatura topográfica completa | Visto por última vez | Fecha del último préstamo |
|---|---|---|---|---|---|---|---|---|---|---|---|---|---|---|---|---|---|---|
| CENTRO DE INFORMACIÓN BIBLIOTECARIA | CENTRO DE INFORMACIÓN BIBLIOTECARIA | 08/11/2016 | 182.00 | 0000000000000000020353 | 57760 | 1 | Libros | FIMCP | ||||||||||
| FACULTAD DE INGENIERIA MECANICA Y CIENCIAS DE LA PRODUCCION | CENTRO DE INFORMACIÓN BIBLIOTECARIA | 08/11/2016 | 182.00 | 0000000000000000038286 | 57761 | 2 | Libros | ESPOL. CIB | Clasificación Decimal Dewey | 658.5 HOP | ||||||||
| CENTRO DE INFORMACIÓN BIBLIOTECARIA | CENTRO DE INFORMACIÓN BIBLIOTECARIA | 08/11/2016 | 182.00 | 0000000000000000020352 | 2 | 57762 | 3 | Libros | FIMCP | 03/06/2025 | 03/06/2025 | |||||||
| CENTRO DE INFORMACIÓN BIBLIOTECARIA | CENTRO DE INFORMACIÓN BIBLIOTECARIA | 08/11/2016 | 182.00 | 0000000000000000020354 | 1 | 57763 | 4 | Libros | FIMCP | 03/06/2025 | 22/05/2025 |